000 00389nam a2200145Ia 4500
008 210210b1975 xxu||||| |||| 00| 0 eng d
082 _a144.3 JAMP
100 _aJAMES (William).
245 _aPragmatism and 4 essays from the meaning of truth.
260 _aN D
_bEurasia Publishing House Ltd.,
_c1975
300 _a271
650 _aPragmatism
690 _aPhilosophy
906 _a032009
999 _c83012
_d83012